Educativa la sociedad

Shranjeno v:
Bibliografske podrobnosti
Glavni avtor: Husen, Torsten (Author)
Format: Knjiga
Jezik:španščina
Izdano: Madrid Anaya 1978
Serija:Ciencias de la Educación
Teme:
Oznake: Označite
Brez oznak, prvi označite!

MARC

LEADER 00000nam a2200000 a 4500
001 UCW5271
003 CL-VaPUC
008 910319e19780000SP |||||||||||||||||spa|d
082 0 4 |a 370.11  |b HUS  |2 21 
100 |a Husen, Torsten  |e author  |9 488151 
245 1 0 |a Educativa la sociedad 
300 |a 229 p 
942 |c BK 
945 |d 19910319 00:00:00 
260 |a Madrid  |b Anaya  |c 1978 
650 0 |a Objetivos educativos  |9 306344 
650 0 |a Sociología de la educación   |9 260380 
650 0 |a Innovaciones pedagógicas  |9 307471 
583 |a last modification  |c 19910319 00:00:00  |k Rodrigo Vera 
490 0 |a Ciencias de la Educación 
999 |c 218748  |d 218746 
952 |0 0  |1 0  |4 0  |6 370_110000000000000_HUS_1978  |7 0  |8 A  |9 208815  |a BIBEDU  |b BIBEDU  |d 2019-11-15  |i 2766213  |o 370.11 HUS 1978  |p 2766213  |r 2019-11-15  |w 2019-11-15  |y BK  |k EDU 
952 |0 0  |1 0  |4 0  |6 370_110000000000000_HUS_1978  |7 0  |8 A  |9 208816  |a BIBEDU  |b BIBEDU  |d 2019-11-15  |i 1602039  |o 370.11 HUS 1978  |p 1602039  |r 2019-11-15  |w 2019-11-15  |y BK  |k EDU